Children's Literature by Paper Doll Quiz Stats

Quiz Updated Nov 27, 2017

Challenge
Share
Tweet
Score 0/18 Timer 06:00
0 Plays Today
% Correct
Cinderella
97.3%
Rapunzel
96.1%
Alice's Adventures in Wonderland
94.2%
The Three Little Pigs
94.1%
Hansel and Gretel
92.4%
Humpty Dumpty
91.6%
Little Red Riding Hood
90.8%
The Little Mermaid
89.7%
The Wonderful Wizard of Oz
87.8%
% Correct
Curious George
85.9%
The Tale of Peter Rabbit
85.4%
Sleeping Beauty
79.8%
Jack and Jill
77.9%
Little Miss Muffet
77.3%
Pippi Longstocking
72.7%
Little Boy Blue
67.1%
Little Jack Horner
59.7%
The Berenstain Bears
58.4%

You're not logged in!

Compare scores with friends on all Sporcle quizzes.
Join for Free
OR
Log In

You Might Also Like...

Show Comments

Extras

Top Quizzes Today


Score Distribution

Your Account Isn't Verified!

In order to create a playlist on Sporcle, you need to verify the email address you used during registration. Go to your Sporcle Settings to finish the process.

Report this User

Report this user for behavior that violates our Community Guidelines.

Details: